| 000 | 00489nam a2200205Ia 4500 | ||
|---|---|---|---|
| 005 | 20240823022323.0 | ||
| 008 | 240823s9999||||xx |||||||||||||| ||und|| | ||
| 020 | _a81-7446-494-8 | ||
| 041 | _aENGLISH | ||
| 082 | _A330.954 P6 | ||
| 100 | _aNIILM | ||
| 245 | 0 | _aHow Global is the Indian Economy? | |
| 250 | _a1st | ||
| 260 |
_c2006 _bExcel _aNew Delhi |
||
| 500 | _aYES | ||
| 650 |
_aEconomy _bManagement Studies |
||
| 700 | _a Ramachandran K S | ||
| 942 | _cBK | ||
| 999 |
_c178883 _d178883 |
||